神奈川県 高校最寄り駅 - Statistics

General Stats
  • This quiz has been taken 17 times
  • The average score is 92 of 229
Answer Stats
高校 路線名 Answer % Correct
鎌倉女学院高等学校 JR横須賀線・江ノ島電鉄線 鎌倉
88%
栄光学園高等学校 JR東海道本線・JR根岸線・JR横須賀線・湘南モノレール 大船
82%
神奈川県立金井高等学校 JR東海道本線・JR根岸線・JR横須賀線・湘南モノレール 大船
82%
公文国際学園高等部 JR東海道本線・JR根岸線・JR横須賀線・湘南モノレール 大船
82%
清泉女学院高等学校 JR東海道本線・JR根岸線・JR横須賀線・湘南モノレール 大船
82%
藤嶺学園藤沢高等学校 JR東海道本線・小田急江ノ島線・江ノ島電鉄線 藤沢
76%
旭丘高等学校 JR東海道本線・東海道新幹線・小田急小田原線・箱根登山鉄道・伊豆箱根鉄道大雄山線 小田原
71%
神奈川県立大船高等学校 JR横須賀線 北鎌倉
71%
神奈川県立小田原高等学校 JR東海道本線・東海道新幹線・小田急小田原線・箱根登山鉄道・伊豆箱根鉄道大雄山線 小田原
71%
鎌倉学園高等学校 横須賀線 北鎌倉
71%
北鎌倉女子学園高等学校 JR横須賀線 北鎌倉
71%
逗子開成高等学校 JR横須賀線 逗子
71%
聖ヨゼフ学園高等学校 JR東海道本線・JR鶴見線 鶴見
71%
聖和学院高等学校 JR横須賀線 逗子
71%
神奈川県立鶴見高等学校 JR東海道本線・JR鶴見線 鶴見
71%
鶴見大学附属高等学校 JR東海道本線・JR鶴見線 鶴見
71%
白鵬女子高等学校 JR東海道本線・JR鶴見線 鶴見
71%
神奈川県立相原高等学校 JR相模線・JR横浜線・京王相模原線 橋本
65%
大西学園高等学校 JR横須賀線・JR南武線・東急東横線・東急目黒線・相鉄JR直通線 武蔵小杉
65%
柏木学園高等学校 小田急江ノ島線・相鉄本線 大和
65%
神奈川県立上溝高等学校 JR相模線 上溝
65%
神奈川県立相模原高等学校 JR相模線 上溝
65%
神奈川県立相模原城山高等学校 JR横浜線・JR相模線 橋本
65%
神奈川県立高浜高等学校 JR東海道本線 平塚
65%
神奈川県立橋本高等学校 JR横浜線・JR相模線・京王相模原線 橋本
65%
平塚学園高等学校 JR東海道本線 平塚
65%
神奈川県立平塚工科高等学校 JR東海道本線 平塚
65%
神奈川県立平塚江南高等学校 JR東海道本線 平塚
65%
神奈川県立平塚農商高等学校 JR東海道本線 平塚
65%
神奈川県立二俣川看護福祉高等学校 相鉄本線・相鉄いずみ野線 二俣川
65%
法政大学第二高等学校 JR横須賀線・JR南武線・東急東横線・東急目黒線・相鉄JR直通線 武蔵小杉
65%
神奈川県立大和東高等学校 小田急江ノ島線・相鉄本線 大和
65%
神奈川県立横須賀南高等学校 JR横須賀線 久里浜
65%
横浜富士見丘学園高等学校 相鉄本線・相鉄いずみ野線 二俣川
65%
神奈川県立麻溝台高等学校 JR相模線 原当麻
59%
神奈川県立綾瀬西高等学校 小田急小田原線・相鉄本線・JR相模線 海老名
59%
神奈川県立海老名高等学校 小田急小田原線・JR相模線 厚木
59%
神奈川県立鎌倉高等学校 江ノ島電鉄線 鎌倉高校前
59%
光明学園相模原高等学校 JR相模線 原当麻
59%
神奈川県立中央農業高等学校 小田急小田原線・JR相模線 厚木
59%
山手学院高等学校 JR根岸線 港南台
59%
神奈川県立横浜栄高等学校 JR根岸線 港南台
59%
横浜市立金沢高等学校 京急本線・京急久里浜線 金沢八景
59%
神奈川県立横浜明朋高等学校 JR根岸線 港南台
59%
神奈川県立厚木西高等学校 小田急小田原線 愛甲石田
53%
アレセイア湘南高等学校 JR東海道本線 辻堂
53%
神奈川県立生田高等学校 小田急小田原線 生田
53%
神奈川県立伊志田高等学校 小田急小田原線 愛甲石田
53%
神奈川県立伊勢原高等学校 小田急小田原線 伊勢原
53%
神奈川県立市ヶ尾高等学校 東急田園都市線 市が尾
53%
英理女子学院高等学校 JR横浜線・東急東横線 菊名
53%
神奈川大学附属高等学校 JR横浜線・横浜市営地下鉄グリーンライン 中山
53%
神奈川県立岸根高等学校 横浜市営地下鉄ブルーライン 岸根公園
53%
慶應義塾高等学校 東急東横線・東急目黒線・東急新横浜線・横浜市営地下鉄グリーンライン 日吉
53%
向上高等学校 小田急小田原線 愛甲石田
53%
神奈川県立相模原弥栄高等学校 JR横浜線 淵野辺
53%
湘南工科大学附属高等学校 JR東海道本線 辻堂
53%
聖光学院高等学校 JR根岸線 山手
53%
橘学苑高等学校 JR横浜線・東急東横線 菊名
53%
神奈川県立茅ヶ崎西浜高等学校 JR東海道本線・JR相模線 茅ヶ崎
53%
中央大学附属横浜高等学校 横浜市営地下鉄ブルーライン・横浜市営地下鉄グリーンライン センター北
53%
桐蔭学園高等学校 東急田園都市線 市が尾
53%
神奈川県立二宮高等学校 JR東海道本線 二宮
53%
日本大学高等学校 東急東横線・東急目黒線・東急新横浜線・横浜市営地下鉄グリーンライン 日吉
53%
神奈川県立藤沢西高等学校 JR東海道本線 辻堂
53%
横須賀学院高等学校 京急本線 横須賀中央
53%
神奈川県立横浜旭陵高等学校 JR横浜線・横浜市営地下鉄グリーンライン 中山
53%
神奈川県立横浜立野高等学校 JR根岸線 山手
53%
神奈川県立横浜緑ケ丘高等学校 JR根岸線 山手
53%
神奈川県立愛川高等学校 JR相模線 番田
47%
神奈川県立厚木高等学校 小田急小田原線 本厚木
47%
神奈川県立厚木商業高等学校 小田急小田原線 本厚木
47%
神奈川県立厚木清南高等学校 小田急小田原線 本厚木
47%
厚木中央高等学校 小田急小田原線 本厚木
47%
神奈川県立厚木東高等学校 小田急小田原線 本厚木
47%
神奈川県立大磯高等学校 JR東海道本線 大磯
47%
神奈川県立追浜高等学校 京急本線 追浜
47%
神奈川県立神奈川総合産業高等学校 小田急小田原線・小田急江ノ島線 相模大野
47%
神奈川県立上溝南高等学校 JR相模線 番田
47%
川崎市立高津高等学校 JR南武線 武蔵溝ノ口
47%
関東学院六浦高等学校 京急本線 追浜
47%
神奈川県立希望ケ丘高等学校 相鉄本線 希望ヶ丘
47%
相模女子大学高等部 小田急小田原線・小田急江ノ島線 相模大野
47%
神奈川県立相模田名高等学校 JR相模線 番田
47%
神奈川県立湘南台高等学校 小田急江ノ島線・相鉄いずみ野線・横浜市営地下鉄ブルーライン 湘南台
47%
神奈川県立新栄高等学校 横浜市営地下鉄ブルーライン 仲町台
47%
洗足学園高等学校 JR南武線 武蔵溝ノ口
47%
神奈川県立白山高等学校 JR横浜線 鴨居
47%
フェリス女学院高等学校 JR根岸線 石川町
47%
三浦学苑高等学校 JR横須賀線 衣笠
47%
横須賀市立横須賀総合高等学校 京急久里浜線 京急久里浜
47%
横浜共立学園高等学校 JR根岸線 石川町
47%
横浜市立みなと総合高等学校 JR根岸線 石川町
47%
横浜女学院高等学校 JR根岸線 石川町
47%
横浜清風高等学校 JR横須賀線 保土ヶ谷
47%
横浜創学館高等学校 京急本線 追浜
47%
横浜隼人高等学校 相鉄本線 希望ヶ丘
47%
神奈川県立麻生高等学校 小田急小田原線・小田急多摩線 新百合ケ丘
41%
麻布大学附属高等学校 JR横浜線 矢部
41%
神奈川県立厚木北高等学校 JR相模線 相武台下
41%
鎌倉女子大学高等部 JR根岸線 本郷台
41%
慶應義塾湘南藤沢高等部 JR相模線 香川
41%
神奈川県立港北高等学校 横浜市営地下鉄ブルーライン 新羽
41%
神奈川県立相模原青陵高等学校 小田急小田原線 相武台前
41%
神奈川県立寒川高等学校 JR相模線 寒川
41%
神奈川県立座間高等学校 小田急小田原線 座間
41%
神奈川県立座間総合高等学校 小田急小田原線 相武台前
41%
秀英高等学校 相鉄いずみ野線 いずみ野
41%
神奈川県立松陽高等学校 相鉄いずみ野線 いずみ野
41%
聖セシリア女子高等学校 小田急江ノ島線 南林間
41%
神奈川県立茅ヶ崎北陵高等学校 JR相模線 香川
41%
日本大学藤沢高等学校 小田急江ノ島線 六会日大前
41%
神奈川県立柏陽高等学校 JR根岸線 本郷台
41%
神奈川県立藤沢工科高等学校 小田急江ノ島線 六会日大前
41%
神奈川県立大和西高等学校 小田急江ノ島線 南林間
41%
横浜市立南高等学校 横浜市営地下鉄ブルーライン 上永谷
41%
横浜翠陵高等学校 JR横浜線 十日市場
41%
神奈川県立横浜南陵高等学校 JR根岸線 洋光台
41%
神奈川県立麻生総合高等学校 小田急多摩線 栗平
35%
神奈川県立旭高等学校 相鉄本線 三ツ境
35%
神奈川県立荏田高等学校 東急田園都市線 江田
35%
神奈川県立釜利谷高等学校 京急本線 金沢文庫
35%
神奈川県立上矢部高等学校 横浜市営地下鉄ブルーライン 踊場
35%
函嶺白百合学園高等学校 箱根登山鉄道 強羅
35%
神奈川県立光陵高等学校 JR横須賀線 東戸塚
35%
神奈川県立七里ガ浜高等学校 江ノ島電鉄線 七里ヶ浜
35%
神奈川県立商工高等学校 JR横須賀線 東戸塚
35%
湘南学園高等学校 江ノ島電鉄線 鵠沼
35%
神奈川県立新城高等学校 JR南武線 武蔵中原
35%
神奈川県立住吉高等学校 東急東横線・東急目黒線 元住吉
35%
神奈川県立逗子葉山高等学校 JR横須賀線 東逗子
35%
神奈川県立田奈高等学校 東急こどもの国線 恩田
35%
神奈川県立津久井高等学校 JR中央本線 相模湖
35%
桐光学園高等学校 小田急多摩線 栗平
35%
神奈川県立秦野総合高等学校 小田急小田原線 秦野
35%
神奈川県立秦野曽屋高等学校 小田急小田原線 秦野
35%
神奈川県立横浜桜陽高等学校 横浜市営地下鉄ブルーライン 踊場
35%
横浜市立戸塚高等学校 横浜市営地下鉄ブルーライン 踊場
35%
横浜市立東高等学校 JR横浜線 大口
35%
神奈川県立横浜瀬谷高等学校 相鉄本線 三ツ境
35%
横浜創英高等学校 JR横浜線 大口
35%
神奈川県立有馬高等学校 JR相模線 社家
29%
神奈川県立小田原東高等学校 JR東海道本線 鴨宮
29%
神奈川県立上鶴間高等学校 東急田園都市線 つきみ野
29%
神奈川県立川崎北高等学校 東急田園都市線 宮前平
29%
川崎市立幸高等学校 JR南武線 矢向
29%
神奈川県立川和高等学校 横浜市営地下鉄グリーンライン 都筑ふれあいの丘
29%
シュタイナー学園高等部 JR中央本線 藤野
29%
神奈川県立菅高等学校 小田急小田原線 読売ランド前
29%
神奈川県立西湘高等学校 JR東海道本線 鴨宮
29%
立花学園高等学校 小田急小田原線 新松田
29%
神奈川県立茅ヶ崎高等学校 JR相模線 北茅ヶ崎
29%
神奈川県立鶴嶺高等学校 JR相模線 北茅ヶ崎
29%
東海大学附属相模高等学校 小田急小田原線 小田急相模原
29%
神奈川県立永谷高等学校 横浜市営地下鉄ブルーライン 下永谷
29%
神奈川県立新羽高等学校 横浜市営地下鉄ブルーライン 北新横浜
29%
日本女子大学附属高等学校 小田急小田原線 読売ランド前
29%
神奈川県立平塚湘風高等学校 JR相模線 宮山
29%
神奈川県立藤沢総合高等学校 小田急江ノ島線 長後
29%
神奈川県立保土ヶ谷高等学校 相鉄本線・相鉄新横浜線・相鉄JR直通線 西谷
29%
神奈川県立舞岡高等学校 横浜市営地下鉄ブルーライン 舞岡
29%
神奈川県立向の岡工業高等学校 JR南武線 久地
29%
神奈川県立大和高等学校 東急田園都市線 つきみ野
29%
神奈川県立百合丘高等学校 小田急小田原線 読売ランド前
29%
神奈川県立横浜国際高等学校 京急本線 弘明寺
29%
神奈川県立横浜修悠館高等学校 相鉄いずみ野線 いずみ中央
29%
横浜市立横浜総合高等学校 横浜市営地下鉄ブルーライン 弘明寺
29%
神奈川県立吉田島高等学校 小田急小田原線 開成
29%
青山学院横浜英和高等学校 横浜市営地下鉄ブルーライン 蒔田
24%
神奈川県立足柄高等学校 伊豆箱根鉄道大雄山線 大雄山
24%
神奈川県立綾瀬高等学校 相鉄本線 かしわ台
24%
神奈川県立大井高等学校 小田急小田原線 栢山
24%
神奈川県立小田原城北工業高等学校 小田急小田原線 栢山
24%
神奈川学園高等学校 横浜市営地下鉄ブルーライン 三ッ沢下町
24%
神奈川県立神奈川工業高等学校 東急東横線 東白楽
24%
神奈川県立神奈川総合高等学校 東急東横線 東白楽
24%
神奈川県立霧が丘高等学校 東急田園都市線(東京都) すずかけ台
24%
神奈川県立相模向陽館高等学校 相鉄本線 相模大塚
24%
神奈川県立湘南高等学校 小田急江ノ島線 藤沢本町
24%
星槎高等学校 東急田園都市線(東京都) すずかけ台
24%
清心女子高等学校 東急東横線 白楽
24%
捜真女学校高等学部 横浜市営地下鉄ブルーライン 三ッ沢下町
24%
神奈川県立深沢高等学校 湘南モノレール 西鎌倉
24%
藤沢翔陵高等学校 小田急江ノ島線 善行
24%
神奈川県立藤沢清流高等学校 小田急江ノ島線 藤沢本町
24%
武相高等学校 東急東横線 妙蓮寺
24%
法政大学国際高等学校 京急本線 生麦
24%
神奈川県立三浦初声高等学校 (入江) 京急久里浜線 三崎口
24%
聖園女学院高等学校 小田急江ノ島線 藤沢本町
24%
神奈川県立元石川高等学校 東急田園都市線 たまプラーザ
24%
森村学園高等部 東急田園都市線(東京都) つくし野
24%
横浜学園高等学校 横浜市営地下鉄ブルーライン 蒔田
24%
横浜商科大学高等学校 相鉄本線 鶴ケ峰
24%
神奈川県立横浜翠嵐高等学校 横浜市営地下鉄ブルーライン 三ッ沢下町
24%
神奈川県立横浜平沼高等学校 相鉄本線 平沼橋
24%
神奈川県立緑園高等学校 相鉄いずみ野線 緑園都市
24%
神奈川県立磯子工業高等学校 京急本線 屏風浦
18%
カリタス女子高等学校 JR南武線 中野島
18%
神奈川県立川崎工科高等学校 JR南武線 平間
18%
川崎市立川崎総合科学高等学校 東急多摩川線(東京都) 矢口渡
18%
川崎市立橘高等学校 JR南武線 平間
18%
鵠沼高等学校 江ノ島電鉄線 柳小路
18%
サレジオ学院高等学校 横浜市営地下鉄グリーンライン 北山田
18%
神奈川県立多摩高等学校 JR南武線 宿河原
18%
神奈川県立大師高等学校 京急大師線 大師橋
18%
神奈川県立秦野高等学校 小田急小田原線 東海大学前
18%
神奈川県立大和南高等学校 小田急江ノ島線 桜ヶ丘
18%
横浜高等学校 京急本線 能見台
18%
横浜市立桜丘高等学校 相鉄本線 星川
18%
横浜市立横浜サイエンスフロンティア高等学校 JR鶴見線 鶴見小野
18%
横浜市立横浜商業高等学校 京急本線 南太田
18%
神奈川県立横浜清陵高等学校 京急本線 南太田
18%
神奈川県立横浜氷取沢高等学校 京急本線 能見台
18%
浅野高等学校 京急本線 京急新子安
12%
神奈川県立海洋科学高等学校 東急久里浜線 三浦海岸
12%
神奈川県立金沢総合高等学校 京急本線 京急富岡
12%
神奈川県立川崎高等学校 JR南武線(浜川崎支線) 川崎新町
12%
川崎市立川崎高等学校 京急大師線 港町
12%
関東学院高等学校 京急本線 黄金町
12%
湘南学院高等学校 京急久里浜線 北久里浜
12%
湘南白百合学園高等学校 湘南モノレール 目白山下
12%
神奈川県立城郷高等学校 横浜市営地下鉄ブルーライン 片倉町
12%
相洋高等学校 箱根登山鉄道 箱根板橋
12%
神奈川県立津久井浜高等学校 京急久里浜線 津久井浜
12%
神奈川県立鶴見総合高等学校 京急本線 鶴見市場
12%
神奈川県立山北高等学校 JR御殿場線 東山北
12%
神奈川県立横須賀大津高等学校 京急久里浜線 新大津
12%
横浜雙葉高等学校 みなとみらい線 元町・中華街
12%
緑ヶ丘女子高等学校 京急本線 汐入
6%
No matching quizzes found
Score Distribution
Percent of People with Each Score
Percentile by Number Answered
Your Score History
You have not taken this quiz